| 000 | 00691nam a22002417a 4500 | ||
|---|---|---|---|
| 003 | UA-OsUOA | ||
| 001 | 69179 | ||
| 007 | ta | ||
| 008 | 20100610b un ||||| |||| 00| 0 ukr d | ||
| 100 | _aДаньшин И. Н. | ||
| 090 |
_a343.9 _bД19 |
||
| 942 | _cBK | ||
| 040 |
_aUA-OsUOA _brus _cUA-OsUOA _dUA-OsUOA |
||
| 245 |
_aОбщетеоретические проблемы криминологии _bМонография |
||
| 300 | _a224 с. | ||
| 955 | _a2 | ||
| 041 | _arus | ||
| 080 | _a343.9 | ||
| 020 | _a966-8690-14-1 | ||
| 260 |
_aХарків _bПрапор _c2005 |
||
| 650 | 7 |
_a343 Кримінальне право. Карні порушення _2UDC |
|
| 999 |
_c355431 _d355431 |
||